000 01294nam0a22003011 4500
001 rc\153589
005 20250620211457.0
010 _a5-7139-0063-0
_9500
035 _a(NLR Aleph) 005421185
090 _a7477402
_c7477402
100 _a20030307d1996 |||y0rusy50 ca
101 0 _arus
102 _aRU
105 _ay |||||||||
200 1 _aОсновы социального страхования
_eУчеб. пособие
_fА.В. Мартыненко, С.В. Поздняков, В.И. Стародубов
_gМоск. гос. соц. ун-т
210 _aМ.
_cСоюз
_d1996
215 _a81, [23] с.
_d21
320 _aБиблиогр.: с. 80-81
327 0 _aВ прил.: Гражданский кодекс Российской Федерации. Ч. 2
464 0 _12001#$aГражданский кодекс Российской Федерации. Ч. 2
_tГражданский кодекс Российской Федерации. Ч. 2
700 1 _aМартыненко
_bА.В.
_gАлександр Владимирович
701 1 _aПоздняков
_bС.В.
701 1 _aСтародубов
_bВ.И.
_gВладимир Иванович
801 0 _aRU
_bNLR
_gpsbo
801 1 _aRU
_bELAR
_2rusmarc
852 _aNLR
_j96-3/8961
942 _cBOOK
980 _aNB